00541nam a22001457a 4500040000900000082001200009100006500021110004700086245006100133260004400194650002300238942001200261999001900273952010300292 cNUST a220 PRO aMuhammad Ali Memon Syeda Khadija Gillani Umeimah Zia 986237 aProject Supervisor Dr Shahzor Ahmed986238 aPR-SOF-2078-Traffic Sign Recognition Using Deep Learning aISLAMABAD:bNUST COLLEGE OF EME,c2021. aDE-ELECT-39986239 2ddccPR c587261d587261 00102ddc4070aCEMEbCEMEcREFd2021-12-09l0o220 PROpPR-SOF-2078r2021-12-09w2021-12-09yREF